000 00262nam a2200121Ia 4500
100 _aLEELA PATIL
942 _cBK
366 _f50
245 _aSHIKSHANACHE ANTARANG
260 _bRAJYA MARATHI VIKAS SANSTHA
_aMumbai
_c2013
300 _a192
546 _aMARATHI
999 _c29063
_d29063